Normal view
MARC view
- CIRCUITS-PRINTED FLEXIBLE CIRCUITS PRINTED CIRCUITS HANDBOOK MANUALS
Entry Topical Term
001 - CONTROL NUMBER
- control field: 67869
003 - CONTROL NUMBER IDENTIFIER
- control field: NUST
005 - DATE AND TIME OF LATEST TRANSACTION
- control field: 20210628203925.0
008 - FIXED-LENGTH DATA ELEMENTS
- fixed length control field: 210628|| aca||aabn | a|a d
040 ## - CATALOGING SOURCE
- Original cataloging agency: NUST
- Transcribing agency: NUST
150 ## - HEADING--TOPICAL TERM
- Topical term or geographic name entry element: CIRCUITS-PRINTED FLEXIBLE CIRCUITS PRINTED CIRCUITS HANDBOOK MANUALS
670 ## - SOURCE DATA FOUND
- Source citation: Work cat.: (NUST): Coombs, Clyde.F 67868, Printed circuit handbook, multilayer and flexible circuits, 1990
